Statistiques concernant Pokémon Les groupes d'oeufs

Cliquez ici pour prendre le quiz!

Statistiques générales

  • Ce quiz a été pris 7 fois
  • Le résultat moyen est 7 sur 15

Statistiques - réponses

HintRéponse% Correct
2Amorphe
57%
3Aquatique 1
57%
4Aquatique 2
57%
5Aquatique 3
57%
6Draconique
57%
8Humanoide
57%
11Métamorph
57%
12Minéral
57%
9Inconnu
43%
10Insectoide
43%
15Végétal
43%
7Féerique
29%
13Monstrueux
29%
14Terrestre
29%
1Aérien
14%

Distribution des résultats

Percentile par nombre de réponses

% des personnes avec chaque résultat

Votre développement - résultats

Vous n’avez pas pris ce quiz